000 00517nam a2200181Ia 4500
005 20250326142241.0
008 250326s9999 xx 000 0 und d
037 _aTextbook
040 _aFMSL
_beng
_cFMSL
041 _aeng
_2eng
084 _qFMSL
100 _aLombriser R
_9745803
245 0 _aTop intrapreneurs: How successful senior executives manage strategic change
_cLombriser R
260 _aLondon
_bLondon, Pitman Publishing
_c1994
300 _a255p
942 _cTB
999 _c1294133
_d1294133